000 00556nam a2200217 4500
001 4080073
005 20180809070232.0
008 731221s1973 ilua b 001 0 eng
010 _a 72092163
020 _a039802720X
040 _aDLC
_cDLC
_dDLC
041 _aeng
080 _a618.921 CAS
082 0 0 _a618.921 CAS
100 1 _a7
101 _aKAR
245 0 4 _aThe ductus arteriosus,
_cby Donald E. Cassels.
504 _aIncludes bibliographical references.
906 _a7
_bcbc
_corignew
_d2
_eopcn
_f19
_gy-gencatlg
942 _2ddc
_cBK
999 _c46971
_d46971